[Event "AUTO-OPEN-2161"]
[Site "http://www.queenalice.com/game.php?id=856851"]
[Date "2010.11.9"]
[Round "1"]
[White "cadinho10"]
[Black "geovane_bruno"]
[Result "1-0"]
[WhiteElo "1799"]
[BlackElo "1651"]

1. e4 e5 2. Nf3 Nc6 3. Bb5 f5 4. Nc3 fxe4 5. Nxe4 d5 6. Bxc6+ bxc6 7. Nc3 Bg4 8.
d3 Rb8 9. h3 d4 10. Ne4 Bb4+ 11. Bd2 Bxd2+ 12. Nexd2 Be6 13. Nxe5 Qd5 14. Ndc4
Qxg2 15. Qf3 1-0

[Event "AUTO-OPEN-2161"]
[Site "http://www.queenalice.com/game.php?id=856852"]
[Date "2010.11.9"]
[Round "1"]
[White "geovane_bruno"]
[Black "cadinho10"]
[Result "0-1"]
[WhiteElo "1619"]
[BlackElo "1809"]

1. e4 e5 2. Nf3 Nf6 3. Nxe5 Qe7 4. d4 d6 5. Nf3 Nxe4 6. Be3 Qd8 7. c4 Be7 8. Bd3
Nf6 9. O-O O-O 10. Nc3 b6 11. h3 Bb7 12. Re1 Nbd7 13. Nd2 d5 14. b3 dxc4 15.
bxc4 Bd6 16. Qc2 Re8 0-1

[Event "Challenge"]
[Site "http://www.queenalice.com/game.php?id=857414"]
[Date "2010.11.10"]
[Round "-"]
[White "deman14"]
[Black "geovane_bruno"]
[Result "0-1"]
[WhiteElo "886"]
[BlackElo "1763"]

1. e3 Nf6 2. Bc4 d5 3. Bb5+ Bd7 4. Be2 e5 5. Nf3 Nc6 6. O-O Bd6 7. Kh1 O-O 8.
Bb5 a6 9. Bxc6 Bxc6 10. Ng5 h6 0-1

[Event "Geovane_bruno-Heinrich79"]
[Site "http://www.queenalice.com/game.php?id=857953"]
[Date "2010.11.12"]
[Round "-"]
[White "geovane_bruno"]
[Black "heinrich79"]
[Result "1-0"]
[WhiteElo "1654"]
[BlackElo "1653"]

1. e4 c5 2. Nf3 d6 3. d4 cxd4 4. Nxd4 Nc6 5. Be3 Nf6 6. Nc3 g6 7. Bb5 Bg7 8. Qd2
O-O 9. Bxc6 bxc6 10. Nxc6 Qd7 11. Nd4 Bb7 12. f3 e5 13. Nde2 a6 14. O-O-O Rab8
15. Qxd6 Qe8 16. Qa3 Qc6 17. Rd6 Qc7 18. Bb6 Qc8 19. Rhd1 Bh6+ 20. Kb1 Kg7 21.
Rd8 Rxd8 22. Rxd8 Qxd8 23. Bxd8 Rxd8 24. Qe7 Rd7 25. Qxe5 Bd2 26. Na4 Bf4 27.
Qxf4 Bc6 28. Nc5 Rd1+ 29. Nc1 Rg1 30. Ne6+ Kg8 31. Qxf6 1-0

[Event "Let's Play Chess!"]
[Site "http://www.queenalice.com/game.php?id=861226"]
[Date "2010.11.20"]
[Round "-"]
[White "Scaracioli"]
[Black "geovane_bruno"]
[Result "1-0"]
[WhiteElo "1619"]
[BlackElo "1763"]

1. e4 c5 2. d4 d6 3. d5 Nf6 4. Nc3 e6 5. Bg5 h6 6. Bxf6 Qxf6 7. dxe6 Bxe6 8. Bd3
Nd7 9. Nf3 Nb6 10. b3 Qxc3+ 11. Nd2 c4 12. bxc4 Nxc4 13. Bxc4 Bxc4 14. h4 d5 15.
Rh3 Qa5 16. exd5 Rd8 17. Re3+ Be7 18. c3 Bxd5 19. Rd3 O-O 20. Qc2 Rfe8 21. g3
Bc5+ 22. Kd1 Be4 23. Nxe4 Rxd3+ 24. Ke2 Rxc3 25. Qd2 Rxe4+ 26. Kf1 Rd4 27. Qb2
1-0

[Event "Challenge"]
[Site "http://www.queenalice.com/game.php?id=1204621"]
[Date "2013.8.2"]
[Round "-"]
[White "Jomaley"]
[Black "geovane_bruno"]
[Result "1-0"]
[WhiteElo "1404"]
[BlackElo "1520"]

1. e4 e5 2. Nf3 Nc6 3. c3 Nf6 4. Bb5 d6 5. Bxc6+ bxc6 6. O-O Bg4 7. h3 Bxf3 8.
Qxf3 Be7 9. b4 O-O 10. g4 d5 11. exd5 cxd5 12. d3 c6 13. g5 Nd7 14. h4 1-0

[Event "AUTO-INT-2693"]
[Site "http://www.queenalice.com/game.php?id=1204689"]
[Date "2013.8.2"]
[Round "1"]
[White "aurelianobuendia"]
[Black "geovane_bruno"]
[Result "0-1"]
[WhiteElo "1576"]
[BlackElo "1591"]

1. d4 Nf6 2. Nc3 d5 3. e3 Bf5 4. Nf3 a6 5. h3 e6 6. a3 Bd6 7. Nh4 O-O 8. f3 Nc6
9. Bd3 Bg3+ 10. Ke2 Bxh4 11. Na4 b6 12. Qg1 Nh5 13. Qd1 Ng3+ 14. Kd2 Nxh1 15.
Qxh1 Bxd3 16. cxd3 e5 17. Qh2 exd4 18. exd4 Nxd4 19. Kc3 Qf6 20. g3 Nxf3+ 21. d4
Qxd4+ 22. Kb3 Qc4# 0-1

[Event "AUTO-INT-2693"]
[Site "http://www.queenalice.com/game.php?id=1204690"]
[Date "2013.8.2"]
[Round "1"]
[White "geovane_bruno"]
[Black "aurelianobuendia"]
[Result "0-1"]
[WhiteElo "1547"]
[BlackElo "1662"]

1. e4 d5 2. exd5 Qxd5 3. Nc3 Qd8 4. Nf3 c5 5. Bc4 Nc6 6. O-O e5 7. h3 Nh6 8. Re1
Bd6 9. d3 Bc7 10. Be3 Nf5 11. Bxc5 Nh4 12. Nxh4 Qxh4 13. Re4 Qg5 14. Qf3 Bf5 15.
Nb5 O-O-O 16. Re3 Rhe8 0-1

[Event "AUTO-INT-2693"]
[Site "http://www.queenalice.com/game.php?id=1204695"]
[Date "2013.8.2"]
[Round "1"]
[White "MrMarks"]
[Black "geovane_bruno"]
[Result "1-0"]
[WhiteElo "1635"]
[BlackElo "1591"]

1. e4 c5 2. Bc4 e6 3. e5 d5 4. exd6 Bxd6 5. Nf3 Nc6 6. d4 Nf6 7. Bb5 Qa5+ 8. Bd2
Qxb5 9. Na3 Qa6 10. Bg5 Nd5 11. Qd2 h6 12. Bh4 cxd4 13. Nxd4 Bf4 14. Qd3 Qxd3
15. cxd3 Nxd4 16. g3 Bd6 17. Nc4 Bb4+ 18. Kd1 g5 19. Rg1 gxh4 20. gxh4 1-0

[Event "AUTO-INT-2693"]
[Site "http://www.queenalice.com/game.php?id=1204696"]
[Date "2013.8.2"]
[Round "1"]
[White "geovane_bruno"]
[Black "MrMarks"]
[Result "0-1"]
[WhiteElo "1610"]
[BlackElo "1619"]

1. e4 e5 2. Nf3 Bd6 3. d4 Nc6 4. Bc4 exd4 5. Nxd4 Bb4+ 6. c3 Ba5 7. O-O Nf6 8.
Re1 d6 9. Nxc6 bxc6 10. Qa4 Qd7 11. Qxa5 O-O 12. Bg5 Ng4 13. h3 Ne5 14. Nd2 h6
15. Bf4 g5 16. Bxe5 dxe5 17. Rad1 Qe7 0-1

[Event "AUTO-OPEN-3047"]
[Site "http://www.queenalice.com/game.php?id=1204943"]
[Date "2013.8.3"]
[Round "1"]
[White "aurelianobuendia"]
[Black "geovane_bruno"]
[Result "1-0"]
[WhiteElo "1636"]
[BlackElo "1575"]

1. d4 Nf6 2. Nc3 d5 3. e3 Nc6 4. h3 a6 5. f3 e6 6. e4 Bb4 7. a3 Ba5 8. e5 Nd7 9.
f4 Qh4+ 10. Ke2 Bb6 11. Qe1 Nxd4+ 12. Kd1 Qxe1+ 13. Kxe1 Nxc2+ 14. Kd1 Nxa1 15.
Bd3 Nc5 16. Be2 O-O 17. b4 Ncb3 18. Nf3 Nxc1 19. Kxc1 Nb3+ 20. Kb2 Nd4 21. Bd3
Nxf3 22. gxf3 Bd4 23. Rh2 f6 24. Kb3 Bxc3 25. Kxc3 fxe5 26. fxe5 Rxf3 27. h4 Bd7
28. Rg2 Bb5 29. Rd2 h6 30. Kc2 Bxd3+ 31. Rxd3 Rxd3 32. Kxd3 Kf7 33. Kd4 b6 34.
a4 Ke7 35. h5 Rf8 36. b5 a5 37. Kc3 Rf3+ 38. Kd4 1-0

[Event "AUTO-OPEN-3047"]
[Site "http://www.queenalice.com/game.php?id=1204944"]
[Date "2013.8.3"]
[Round "1"]
[White "geovane_bruno"]
[Black "aurelianobuendia"]
[Result "0-1"]
[WhiteElo "1560"]
[BlackElo "1650"]

1. g3 d5 2. Nf3 Nc6 3. d4 f6 4. Bg2 e5 5. dxe5 fxe5 6. O-O Nf6 7. e3 e4 8. Nd4
Ng4 9. Nc3 Qf6 10. Nxd5 Qe5 11. Nc3 Bc5 12. Nxc6 bxc6 13. Bxe4 Bf5 14. Bxc6+ Kf7
15. Bxa8 Rxa8 16. Qd5+ Qxd5 0-1

[Event "AUTO-OPEN-3047"]
[Site "http://www.queenalice.com/game.php?id=1204971"]
[Date "2013.8.3"]
[Round "1"]
[White "geovane_bruno"]
[Black "Nunes"]
[Result "0-1"]
[WhiteElo "1528"]
[BlackElo "1733"]

1. g3 Nf6 2. d4 d5 3. Bg2 Nc6 4. Nf3 Bf5 5. Nc3 e6 6. O-O Bd6 7. Re1 Nb4 8. e4
dxe4 9. Nh4 O-O 10. Nxe4 Nxe4 11. Bxe4 Bxe4 12. Rxe4 Qd7 13. a3 Qc6 14. Re2 Nd5
15. Re1 h6 16. Ng2 Rfe8 0-1

[Event "AUTO-OPEN-3047"]
[Site "http://www.queenalice.com/game.php?id=1204972"]
[Date "2013.8.3"]
[Round "1"]
[White "Nunes"]
[Black "geovane_bruno"]
[Result "1-0"]
[WhiteElo "1725"]
[BlackElo "1536"]

1. e4 Nc6 2. d4 d5 3. e5 Bf5 4. Nf3 e6 5. Bd3 Nge7 6. O-O Bg4 7. c3 Qd7 8. Na3
a6 9. h3 Bh5 10. Re1 O-O-O 11. b4 Na7 12. Rb1 Nb5 13. Nxb5 axb5 14. a4 Bxf3 15.
Qxf3 Ng6 16. axb5 b6 17. Qe2 Ne7 18. Ra1 1-0